The public buildings of Williamsburg : colonial capital of Virginia /

Bibliographic Details
Main Author: Whiffen, Marcus
Corporate Author: Colonial Williamsburg, inc
Format: Book
Language:English
Published: Williamsburg, Va. : Colonial Williamsburg, [1958]
Series:Williamsburg architectural studies ; v. 1.
Subjects:

MARC

Tag First Indicator Second Indicator Subfields
LEADER 00000cam a2200000 4500
001 in00000089419
005 20151008063440.0
008 730412s1958 vauabce b 00000 eng
010 |a  57013499  
035 |a (OCoLC)00602501 
035 |9 AAK2252AM 
040 |a DLC  |c CWR  |d SER  |d m.c.  |d TXA  |d UtOrBLW 
049 |a TXAM  |c [325273] 
050 0 0 |a NA735.W5  |b W47 vol. 1 
082 0 |a 724.173 
100 1 |a Whiffen, Marcus. 
245 1 4 |a The public buildings of Williamsburg :  |b colonial capital of Virginia /  |c an architectural history. 
264 1 |a Williamsburg, Va. :  |b Colonial Williamsburg,  |c [1958] 
300 |a xvi, 269 pages :  |b illustrations, portraits, map, plans. ;  |c 26 cm. 
336 |a text  |b txt  |2 rdacontent 
337 |a unmediated  |b n  |2 rdamedia 
338 |a volume  |b nc  |2 rdacarrier 
490 1 |a Williamsburg architectural studies,  |v v. 1 
504 |a Bibliography: pages 235-240. 
650 0 |a Architecture, Colonial. 
651 0 |a Williamsburg (Va.)  |x Public buildings. 
710 2 |a Colonial Williamsburg, inc. 
830 0 |a Williamsburg architectural studies ;  |v v. 1. 
999 |a MARS 
999 f f |s 18d2dbc2-fd76-3d38-9a8b-0965c8082632  |i d806c7bc-ebbc-32be-80cb-7c0e19f5d763  |t 0 
952 f f |p normal  |a Texas A&M University  |b College Station  |c Sterling C. Evans Library  |d Evans: Library Stacks  |t 0  |e NA735.W5 W47 vol. 1  |h Library of Congress classification  |i unmediated -- volume  |m A14806167514 
998 f f |a NA735.W5 W47 vol. 1  |t 0  |l Evans: Library Stacks